000 00797nam a2200289 a 4500
001 2251
003 BD-RjUL
005 20211208233519.0
008 161107r19941989enka 001 0 eng d
020 _a071954629X
035 _a(BD-RjUL)2278
040 _aBD-RjUL
_beng
_cBD-RjUL
041 _aeng
082 0 0 _a155.4
_223
_bMIC 1994
100 1 _aMinett, P. M.
_q(Pamela Mary),
_d1928-
_97326
245 1 0 _aChild care & development /
_cPamela Minett.
250 _a2nd ed
260 _aLondon :
_bJohn Murray,
_cc1989 [Reprint 1994].
300 _axiv, 321 p. :
_bill. ;
_c25 cm.
500 _aPrevious ed.: 1985
504 _aIncludes index
650 0 _aChild psychology.
_93848
650 0 _aChildren
_xHealth and hygiene
_97327
942 _2ddc
_cBK
999 _c2251
_d2251